[Event "Varese op 9th"]
[Site "Varese"]
[Date "2009.10.11"]
[Round "4"]
[White "Lanza, Francesco Paolo"]
[Black "Poletto, Daniele"]
[Result "0-1"]
[WhiteElo "1689"]
[BlackElo "1768"]
[PlyCount "98"]
[EventDate "2009.10.10"]
[EventType "swiss"]
[EventRounds "6"]
[EventCountry "ITA"]
[SourceTitle "EXT 2024"]
[Source "ChessBase"]
[SourceDate "2023.10.10"]
[SourceVersion "1"]
[SourceVersionDate "2023.10.10"]
[SourceQuality "1"]

1. e4 c5 2. Nf3 e6 3. Nc3 a6 4. d4 cxd4 5. Nxd4 Qc7 6. Bd3 Nc6 7. Nxc6 dxc6 8. 0-0 e5 9. f4 exf4 10. e5 Be6 11. Be4 Bc5+ 12. Kh1 Be3 13. Bxe3 fxe3 14. Qd6 Qxd6 15. exd6 Nf6 16. Rf3 Rd8 17. Rg3 0-0 18. Rd1 e2 19. Re1 Rxd6 20. Rxe2 Nxe4 21. Rxe4 Rfd8 22. Rge3 h6 23. Kg1 Rd2 24. Re2 Rxe2 25. Rxe2 b5 26. a3 Rd4 27. h3 a5 28. Kf2 b4 29. axb4 axb4 30. Nb1 c5 31. c3 Rd1 32. Re1 Rxe1 33. Kxe1 bxc3 34. bxc3 g5 35. Kf2 f5 36. Nd2 Kf7 37. g3 Kf6 38. Nf3 Bd5 39. h4 Bxf3 40. Kxf3 gxh4 41. gxh4 Ke5 42. h5 f4 43. Ke2 Ke4 44. Kd2 Kf3 45. Ke1 Kg2 46. Ke2 f3+ 47. Kd3 f2 48. Kc4 f1Q+ 49. Kxc5 Qf5+ 0-1

[Event "VA Province-ch"]
[Site "Gallarate"]
[Date "2007.01.21"]
[Round "3"]
[White "Lanza, Francesco Paolo"]
[Black "Novi, Giuseppe"]
[Result "0-1"]
[WhiteElo "1610"]
[BlackElo "1706"]
[PlyCount "40"]
[EventDate "2007.01.20"]
[EventType "swiss"]
[EventRounds "6"]
[EventCountry "ITA"]
[SourceTitle "EXT 2010"]
[Source "ChessBase"]
[SourceDate "2010.11.25"]
[SourceVersion "1"]
[SourceVersionDate "2010.11.25"]
[SourceQuality "1"]

1. e4 e6 2. d4 d5 3. Nd2 c5 4. exd5 Qxd5 5. dxc5 Bxc5 6. Ngf3 Nf6 7. c4 Qf5 8. Be2 0-0 9. 0-0 Rd8 10. Qe1 Nc6 11. a3 a5 12. b3 Nd4 13. Nxd4 Bxd4 14. Ra2 Bc3 15. Bf3 Ra6 16. Qe3 Bd4 17. Qe2 Rad6 18. Ne4 Nxe4 19. Bxe4 Qc5 20. Qh5 Qxh5 0-1

[Event "ITA-ch Provinciale Como"]
[Site "San Fermo della Battaglia"]
[Date "2003.04.06"]
[Round "5"]
[White "Alessandro, Sergio"]
[Black "Lanza, Francesco Paolo"]
[Result "1/2-1/2"]
[WhiteElo "1467"]
[BlackElo "1465"]
[PlyCount "25"]
[EventDate "2003.03.29"]
[EventType "swiss"]
[EventRounds "6"]
[EventCountry "ITA"]
[SourceTitle "EXT 2024"]
[Source "ChessBase"]
[SourceDate "2023.10.10"]
[SourceVersion "1"]
[SourceVersionDate "2023.10.10"]
[SourceQuality "1"]

1. g4 e5 2. d4 Nc6 3. d5 Nce7 4. Bg2 d6 5. h3 Nf6 6. e4 c6 7. c4 cxd5 8. cxd5 Ng6 9. Nc3 b6 10. Nge2 Nh4 11. Rg1 Nxg2+ 12. Rxg2 Be7 13. Be3 1/2-1/2

[Event "ITA-ch Provinciale Como"]
[Site "San Fermo della Battaglia"]
[Date "2003.04.05"]
[Round "4"]
[White "Lanza, Francesco Paolo"]
[Black "Daffra, Marco"]
[Result "1/2-1/2"]
[WhiteElo "1465"]
[BlackElo "1374"]
[PlyCount "97"]
[EventDate "2003.03.29"]
[EventType "swiss"]
[EventRounds "6"]
[EventCountry "ITA"]
[SourceTitle "EXT 2024"]
[Source "ChessBase"]
[SourceDate "2023.10.10"]
[SourceVersion "1"]
[SourceVersionDate "2023.10.10"]
[SourceQuality "1"]

1. e4 g6 2. d4 Bg7 3. Nf3 d6 4. Bc4 b6 5. 0-0 e6 6. Nbd2 d5 7. exd5 exd5 8. Re1+ Ne7 9. Bb3 0-0 10. Ne5 Nec6 11. Ndf3 Bb7 12. Nxc6 Nxc6 13. Bf4 Qd7 14. Qd2 Rad8 15. Bh6 Ne7 16. Bxg7 Kxg7 17. Re2 a5 18. Rae1 Nf5 19. c3 Ba6 20. Re5 c6 21. Bc2 Nd6 22. b3 Rde8 23. R1e3 f6 24. Rxe8 Rxe8 25. h3 Ne4 26. Qe1 Nd6 27. Nd2 Rxe3 28. Qxe3 Kf7 29. f4 Nf5 30. Qe1 Qe6 31. Qxe6+ Kxe6 32. Kf2 h6 33. g4 Ne7 34. Kf3 g5 35. fxg5 hxg5 36. Ke3 Kf7 37. c4 Ng6 38. cxd5 cxd5 39. Nf3 Nf4 40. h4 Ng2+ 41. Kf2 Nxh4 42. Nxh4 gxh4 43. Kg2 Kg7 44. Kh3 Kh6 45. Kxh4 Be2 46. a3 Bf3 47. b4 Be4 48. Bb3 axb4 49. axb4 1/2-1/2

[Event "ITA-ch Provinciale Como"]
[Site "San Fermo della Battaglia"]
[Date "2003.03.30"]
[Round "3"]
[White "Galasso, Daniele"]
[Black "Lanza, Francesco Paolo"]
[Result "1-0"]
[WhiteElo "1546"]
[BlackElo "1465"]
[PlyCount "57"]
[EventDate "2003.03.29"]
[EventType "swiss"]
[EventRounds "6"]
[EventCountry "ITA"]
[SourceTitle "EXT 2024"]
[Source "ChessBase"]
[SourceDate "2023.10.10"]
[SourceVersion "1"]
[SourceVersionDate "2023.10.10"]
[SourceQuality "1"]

1. c4 e5 2. Nc3 Nf6 3. g3 c6 4. Bg2 d5 5. cxd5 Nxd5 6. d3 Nxc3 7. bxc3 Be6 8. Bd2 Be7 9. Nf3 Nd7 10. 0-0 0-0 11. Qc2 f5 12. e3 Bf7 13. Rab1 Qc7 14. Qb2 Rab8 15. c4 Bf6 16. Bc3 b6 17. h4 c5 18. Ng5 Bxg5 19. hxg5 Rbe8 20. f4 Re7 21. e4 fxe4 22. Bxe4 Be6 23. f5 Bf7 24. Qh2 g6 25. f6 Nxf6 26. gxf6 Re6 27. Qh6 Be8 28. Bd5 e4 29. Bxe6+ 1-0

[Event "ITA-ch Provinciale Como"]
[Site "San Fermo della Battaglia"]
[Date "2003.03.29"]
[Round "1"]
[White "Bellotto, Stefano"]
[Black "Lanza, Francesco Paolo"]
[Result "0-1"]
[WhiteElo "1740"]
[BlackElo "1465"]
[PlyCount "94"]
[EventDate "2003.03.29"]
[EventType "swiss"]
[EventRounds "6"]
[EventCountry "ITA"]
[SourceTitle "EXT 2024"]
[Source "ChessBase"]
[SourceDate "2023.10.10"]
[SourceVersion "1"]
[SourceVersionDate "2023.10.10"]
[SourceQuality "1"]

1. e4 c5 2. Nf3 Nc6 3. d3 e6 4. g3 d6 5. Bg2 Nf6 6. 0-0 Be7 7. Re1 0-0 8. c3 Qc7 9. Nbd2 b5 10. Nf1 Bb7 11. a3 a5 12. d4 cxd4 13. cxd4 d5 14. Bf4 Qd8 15. e5 Nd7 16. h4 f6 17. exf6 Rxf6 18. Ng5 Nf8 19. Bh3 Bc8 20. Rc1 Qb6 21. Ne3 Ng6 22. Qh5 h6 23. Nxe6 Bxe6 24. Bxe6+ Rxe6 25. Qxd5 Nf8 26. Ng4 Rd8 27. Qa2 Nxd4 28. Be3 Kh8 29. Red1 Ne2+ 30. Kf1 Nxc1 31. Rxc1 Qd6 32. Kg1 Bf6 33. Bc5 Qd7 34. b4 axb4 35. axb4 Rde8 36. Qb3 Re1+ 37. Rxe1 Rxe1+ 38. Kh2 Qxg4 39. Bxf8 Qe4 40. f3 Qe5 41. Qd3 Bxh4 42. f4 Re2+ 43. Kh3 Qe6+ 44. f5 Qe8 45. Qf3 Bxg3 46. Bxg7+ Kh7 47. Bd4 Be1 0-1